History Quiz

Random History or Country Quiz

Inca Empire Countries Quiz Stats

 Plays Quiz Updated Jul 25, 2014

     
Support Sporcle.
Go Orange.
Score 0/6 Timer 01:00
1 Play Today
Country % Correct
Peru
98%
Chile
95.7%
Argentina
91.5%
Colombia
91.2%
Ecuador
88.1%
Bolivia
88%

From the Vault

'Royals' Lyrics

by ru4me86

Music 10m
The way these royals act, they could have joined the cast of The Hangover.
Remove Ads.
Support Sporcle.
Get the best of Sporcle when you Go Orange. This ad-free experience offers more features, more stats, and more fun while also helping to support Sporcle. Thank you for becoming a member.

Show Comments

Extras

Top Quizzes Today


Score Distribution

Your Account Isn't Verified!

In order to create a playlist on Sporcle, you need to verify the email address you used during registration. Go to your Sporcle Settings to finish the process.

Report this User

Report this user for behavior that violates our Community Guidelines.

Details: